La dama boba. : La niña de plata /

Bibliographic Details
Main Author: Vega, Lope de, 1562-1635
Format: Book
Language:German
Published: [Madrid] : Espasa-Calpe, 1958.
Edition:3. ed.
Series:Colección Austral ; no. 574
Subjects:

MARC

Tag First Indicator Second Indicator Subfields
LEADER 00000cam a2200000K 4500
001 in00002394836
005 20151109062603.0
008 801106s1958 sp 000 0 ger d
035 |a (OCoLC)ocm06906888 
035 |a (OCoLC)6906888 
040 |a CLE  |c CLE  |d UBA  |d OCLCQ  |d OCLCG  |d TXA  |d UtOrBLW 
049 |a TXAM 
050 4 |a PQ6438  |b .A6 1958 
092 |a 862  |b 9164 
100 1 |a Vega, Lope de,  |d 1562-1635. 
245 1 3 |a La dama boba. :  |b La niña de plata /  |c Lope de Vega. 
250 |a 3. ed. 
264 1 |a [Madrid] :  |b Espasa-Calpe,  |c 1958. 
300 |a 215 pages ;  |c 18 cm. 
336 |a text  |b txt  |2 rdacontent 
337 |a unmediated  |b n  |2 rdamedia 
338 |a volume  |b nc  |2 rdacarrier 
490 0 |a Colección Austral ;  |v no. 574 
650 7 |a Teatro Espanhol.  |2 larpcal 
740 0 2 |a Dama boba. 
740 0 2 |a Niña de plata. 
948 |a cataloged  |b h  |c 2008/6/5  |d c  |e vilik  |f 9:54:04 am 
994 |a C0  |b TXA 
999 |a MARS 
999 f f |s 42fa021f-9d4e-3d23-b964-c0077024b26f  |i 23a775f3-bb4d-398f-a60d-1b383bd6664d  |t 0 
952 f f |p ric  |a Texas A&M University  |b Rellis Campus  |c Joint Library Facility  |d Remote Storage  |t 0  |e PQ6438 .A6 1958  |h Library of Congress classification  |i unmediated -- volume  |m A14837246943 
998 f f |a PQ6438 .A6 1958  |t 0  |l Remote Storage